Decadencia de España. (Record no. 54049)

MARC details
000 -LEADER
campo de control de longitud fija 00976nam a2200241 i 4500
001 - NÚMERO DE CONTROL
campo de control 54049
003 - IDENTIFICADOR DE NÚMERO DE CONTROL
campo de control ES-MaACL
005 - FECHA Y HORA DE LA ÚLTIMA TRANSACCIÓN
campo de control 20251005063042.0
007 - CAMPO FIJO DE DESCRIPCIÓN FÍSICA--INFORMACIÓN GENERAL
campo de control de longitud fija t|
008 - DATOS DE LONGITUD FIJA--INFORMACIÓN GENERAL
campo de control de longitud fija 940301s1850 sp |||| | spa d
040 ## - FUENTE DE CATALOGACIÓN
Centro catalogador/agencia de origen AS
Lengua de catalogación spa
080 ## - NÚMERO DE LA CLASIFICACIÓN DECIMAL UNIVERSAL
Número de la Clasificación Decimal Universal 94(460.18)"1520/21"
100 1# - ENTRADA PRINCIPAL--NOMBRE DE PERSONA
Nombre de persona Ferrer del Río, Antonio,
Fechas asociadas al nombre 1814-1872
9 (RLIN) 50459
245 10 - MENCIÓN DEL TÍTULO
Título Decadencia de España.
Número de parte o sección de la obra Primera parte,
Nombre de parte o sección de la obra Historia del levantamiento de las comunidades de Castilla, 1520-1521 /
Mención de responsabilidad, etc. por Antonio Ferrer del Río.
246 10 - FORMA VARIANTE DEL TITULO
Título propio/Titulo breve Historia del levantamiento de las comunidades de Castilla, 1520-1521
260 ## - PUBLICACIÓN, DISTRIBUCIÓN, ETC.
Lugar de publicación, distribución, etc. Madrid :
Nombre del editor, distribuidor, etc. [s.n.],
Fecha de publicación, distribución, etc. 1850 (
Fabricante Est. Tip. de Mellado)
300 ## - DESCRIPCIÓN FÍSICA
Extensión XXIX, 415 p. ;
Dimensiones 22 cm.
530 ## - NOTA DISPONIBLE DE FORMULARIO FÍSICO ADICIONAL
Nota de formato físico adicional disponible Disponible en formato digital.
651 #7 - PUNTO DE ACCESO ADICIONAL DE MATERIA--NOMBRE GEOGRÁFICO
Nombre geográfico Castilla (Reino)-
Subdivisión general Historia-
Subdivisión cronológica 1520-1521, Rebelión de los comuneros
Fuente del encabezamiento o término
9 (RLIN) 142469
852 ## - LOCALIZACIÓN
Ubicación ES-MaACL
Número de control de estantería C-43
856 ## - LOCALIZACIÓN Y ACCESO ELECTRÓNICOS
Identificador Uniforme de Recursos <a href="http://bdh-rd.bne.es/viewer.vm?id=0000069877&page=1 ">http://bdh-rd.bne.es/viewer.vm?id=0000069877&page=1 </a>
Nota pública Biblioteca Digital Hispánica
Holdings
Estatus retirado Estado de pérdida Estado de daño No para préstamo Colección Biblioteca de origen Biblioteca actual Ubicación en estantería Fecha de adquisición Fuente de adquisición Total de préstamos Signatura topográfica completa Código de barras Visto por última vez Precio de reemplazo Tipo de ítem Koha
        Colección digital Biblioteca del Ateneo de Madrid Biblioteca del Ateneo de Madrid Sala Palomar 17/01/2008     C-43 1056804 23/02/2023 23/02/2023 Libro impreso antiguo